| 000 | 00351pab a2200145 454500 | ||
|---|---|---|---|
| 008 | 180718b2002 xxu||||| |||| 00| 0 eng d | ||
| 100 | _aAnand, Vinod | ||
| 245 | _aPoverty syndrome: an added dimension of concealed poverty | ||
| 260 | _c2002 | ||
| 300 | _ap.13-19. | ||
| 362 | _a2 Mar | ||
| 650 | _aPoverty | ||
| 773 | _aMainstream | ||
| 909 | _a51992 | ||
| 999 |
_c51992 _d51992 |
||